[Event "Titled Tuesday intern op 26th Sep Early"]
[Site "Chess.com INT"]
[Date "2023.09.26"]
[Round "9"]
[White "Pershina, Elena"]
[Black "Shuvalov, Evgenij"]
[Result "0-1"]
[WhiteElo "2114"]
[BlackElo "2073"]
[PlyCount "58"]
[EventDate "2023.09.26"]
[EventType "swiss (blitz)"]
[EventRounds "11"]
[EventCountry "USA"]
[SourceTitle "EXT 2024"]
[Source "ChessBase"]
[SourceDate "2023.10.10"]
[SourceVersion "1"]
[SourceVersionDate "2023.10.10"]
[SourceQuality "1"]

1. e4 e6 2. d4 d5 3. Nd2 c5 4. exd5 exd5 5. Ngf3 Nc6 6. Bb5 Qe7+ 7. Qe2 Qxe2+ 8. Bxe2 Bf5 9. c3 cxd4 10. cxd4 Bd6 11. 0-0 f6 12. Bb5 Nge7 13. Re1 Kf7 14. Nb3 Nb4 15. Rd1 Nc2 16. Rb1 Na3 17. bxa3 Bxb1 18. Nc5 Bxc5 19. dxc5 Bxa2 20. Nd4 Rhd8 21. Bf4 Rac8 22. Bd6 Bc4 23. Ba4 Ng6 24. g3 b6 25. Nc6 Rh8 26. cxb6 axb6 27. f4 b5 28. f5 Rxc6 29. fxg6+ hxg6 0-1

[Event "Titled Tuesday intern op 26th Sep Early"]
[Site "Chess.com INT"]
[Date "2023.09.26"]
[Round "5"]
[White "Pershina, Elena"]
[Black "Vivaan, Vishal Shah"]
[Result "0-1"]
[WhiteElo "2114"]
[BlackElo "1954"]
[PlyCount "116"]
[EventDate "2023.09.26"]
[EventType "swiss (blitz)"]
[EventRounds "11"]
[EventCountry "USA"]
[SourceTitle "EXT 2024"]
[Source "ChessBase"]
[SourceDate "2023.10.10"]
[SourceVersion "1"]
[SourceVersionDate "2023.10.10"]
[SourceQuality "1"]

1. e4 c5 2. Nf3 d6 3. Bb5+ Bd7 4. Bxd7+ Qxd7 5. c4 Nf6 6. Nc3 g6 7. d4 cxd4 8. Nxd4 Bg7 9. f3 0-0 10. Be3 Nc6 11. 0-0 Rac8 12. Rc1 e6 13. Nxc6 bxc6 14. Qa4 Qb7 15. b3 a6 16. Rfd1 d5 17. exd5 cxd5 18. c5 Nd7 19. b4 Ne5 20. Bd4 Nc4 21. Bxg7 Kxg7 22. Qb3 a5 23. a3 Rxc5 24. Na4 Rb5 25. Qc3+ Kg8 26. Nc5 axb4 27. axb4 Qb6 28. Kh1 Rxc5 29. bxc5 Qxc5 30. Qd4 Qa3 31. Rxc4 dxc4 32. Qxc4 Kg7 33. Qd4+ Kg8 34. h3 Qe7 35. Kh2 e5 36. Qd7 Qf6 37. Qd6 Qf4+ 38. Kh1 Kg7 39. Qd2 Qf5 40. Qd3 Qg5 41. Qd2 Qg3 42. Qd3 Rb8 43. Qd2 Rb6 44. Qe2 Qf4 45. Qd2 Qc4 46. Re1 Re6 47. Qe2 Qd4 48. Qe4 Qd2 49. Qe2 Qd8 50. Qe4 f5 51. Qe2 Qe7 52. Qe3 e4 53. f4 Rd6 54. Kh2 Qf6 55. Rc1 Rd7 56. Rc8 Qd4 57. Qc1 e3 58. Qb1 Qxf4+ 0-1

[Event "Titled Tuesday intern op 19th Sep Early"]
[Site "Chess.com INT"]
[Date "2023.09.19"]
[Round "4"]
[White "Espinosa Veloz, Ermes"]
[Black "Pershina, Elena"]
[Result "1-0"]
[WhiteElo "2478"]
[BlackElo "2114"]
[PlyCount "51"]
[EventDate "2023.09.19"]
[EventType "swiss (blitz)"]
[EventRounds "11"]
[EventCountry "USA"]
[SourceTitle "EXT 2024"]
[Source "ChessBase"]
[SourceDate "2023.10.10"]
[SourceVersion "1"]
[SourceVersionDate "2023.10.10"]
[SourceQuality "1"]

1. e4 c5 2. Nf3 Nc6 3. Bb5 e5 4. 0-0 Bd6 5. c3 Nge7 6. d4 cxd4 7. cxd4 exd4 8. Nxd4 Qc7 9. h3 0-0 10. Nc3 a6 11. Be2 b5 12. Be3 Bb7 13. Rc1 Rac8 14. Nd5 Qb8 15. Bg4 Nxd5 16. exd5 Ne5 17. Rxc8 Rxc8 18. Nf5 Bc5 19. d6 Ng6 20. Bxc5 Rxc5 21. Qd4 Re5 22. Ne7+ Rxe7 23. dxe7 Nxe7 24. Qxd7 Ng6 25. Re1 Nf8 26. Re8 1-0

[Event "Titled Tuesday intern op 19th Sep Early"]
[Site "Chess.com INT"]
[Date "2023.09.19"]
[Round "9"]
[White "Pershina, Elena"]
[Black "Dwilewicz, Katarzyna"]
[Result "0-1"]
[WhiteElo "2114"]
[BlackElo "2098"]
[PlyCount "54"]
[EventDate "2023.09.19"]
[EventType "swiss (blitz)"]
[EventRounds "11"]
[EventCountry "USA"]
[SourceTitle "EXT 2024"]
[Source "ChessBase"]
[SourceDate "2023.10.10"]
[SourceVersion "1"]
[SourceVersionDate "2023.10.10"]
[SourceQuality "1"]

1. c4 g6 2. g3 Bg7 3. Bg2 e5 4. Nc3 d6 5. d3 f5 6. e4 Nc6 7. Nge2 Nge7 8. 0-0 0-0 9. Rb1 a5 10. a3 Nd4 11. b4 axb4 12. axb4 fxe4 13. Nxd4 exd4 14. Nxe4 d5 15. cxd5 Nxd5 16. Bg5 Qe8 17. Nd6 Qe5 18. Qb3 Be6 19. Rfe1 Ne3 20. Bf4 Rxf4 21. gxf4 Qxd6 22. Qb2 Ra2 23. Qc1 Rc2 24. Qa3 Nxg2 25. Qa8+ Kf7 26. Kxg2 Qxf4 27. Qxb7 Rxf2+ 0-1

[Event "Titled Tuesday intern op 19th Sep Early"]
[Site "Chess.com INT"]
[Date "2023.09.19"]
[Round "7"]
[White "Rietze, Clemens"]
[Black "Pershina, Elena"]
[Result "1-0"]
[WhiteElo "2329"]
[BlackElo "2114"]
[PlyCount "65"]
[EventDate "2023.09.19"]
[EventType "swiss (blitz)"]
[EventRounds "11"]
[EventCountry "USA"]
[SourceTitle "EXT 2024"]
[Source "ChessBase"]
[SourceDate "2023.10.10"]
[SourceVersion "1"]
[SourceVersionDate "2023.10.10"]
[SourceQuality "1"]

1. d4 d5 2. c4 c6 3. Nf3 Nf6 4. Nc3 dxc4 5. a4 Bf5 6. Ne5 Nbd7 7. Nxc4 Qc7 8. g3 e5 9. dxe5 Nxe5 10. Bf4 Nfd7 11. Bg2 g5 12. Ne3 gxf4 13. Nxf5 fxg3 14. hxg3 0-0-0 15. a5 Nc5 16. Qc2 h5 17. 0-0 h4 18. Nxh4 Rxh4 19. gxh4 Bd6 20. a6 b6 21. Qf5+ Kb8 22. Ne4 Nxe4 23. Qxe4 Rg8 24. Rfd1 Ng4 25. Rac1 Bc5 26. e3 Qh2+ 27. Kf1 Qxh4 28. Qf4+ Kc8 29. Ke2 Qh8 30. Rc2 Ne5 31. Bf3 Nxf3 32. Qxf3 Qh6 33. b4 1-0

[Event "Titled Tuesday intern op 12th Sep Early"]
[Site "Chess.com INT"]
[Date "2023.09.12"]
[Round "5"]
[White "Ajavon, Anthony Obieni"]
[Black "Pershina, Elena"]
[Result "0-1"]
[WhiteElo "1874"]
[BlackElo "2114"]
[PlyCount "46"]
[EventDate "2023.09.12"]
[EventType "swiss (blitz)"]
[EventRounds "11"]
[EventCountry "USA"]
[SourceTitle "EXT 2024"]
[Source "ChessBase"]
[SourceDate "2023.10.10"]
[SourceVersion "1"]
[SourceVersionDate "2023.10.10"]
[SourceQuality "1"]

1. d4 d5 2. c4 c6 3. Nc3 Nf6 4. Bg5 dxc4 5. e3 b5 6. a4 b4 7. Na2 Qa5 8. Bxf6 exf6 9. Bxc4 Ba6 10. Bxa6 Nxa6 11. Ne2 Be7 12. 0-0 0-0 13. Rc1 Rac8 14. Qb3 Rfd8 15. Rc2 c5 16. Rfc1 g6 17. h3 Kg7 18. dxc5 Rxc5 19. Nd4 Qb6 20. Rxc5 Bxc5 21. Nb5 Rd2 22. Rd1 Qd8 23. Rxd2 Qxd2 0-1

[Event "Titled Tuesday intern op 05th Sep Early"]
[Site "Chess.com INT"]
[Date "2023.09.05"]
[Round "3"]
[White "Baziuk, Vladyslav"]
[Black "Pershina, Elena"]
[Result "1-0"]
[WhiteElo "2211"]
[BlackElo "2114"]
[PlyCount "69"]
[EventDate "2023.09.05"]
[EventType "swiss (blitz)"]
[EventRounds "11"]
[EventCountry "USA"]
[SourceTitle "EXT 2024"]
[Source "ChessBase"]
[SourceDate "2023.10.10"]
[SourceVersion "1"]
[SourceVersionDate "2023.10.10"]
[SourceQuality "1"]

1. d4 d5 2. c4 c6 3. Nf3 Nf6 4. e3 Bf5 5. Nc3 e6 6. Nh4 Be4 7. Qb3 Qc7 8. Bd2 a5 9. Nxe4 Nxe4 10. Bd3 Nxd2 11. Kxd2 a4 12. Qc2 a3 13. b3 Bb4+ 14. Ke2 Nd7 15. Rhd1 Qxh2 16. Nf3 Qc7 17. Rh1 h6 18. Rh5 Rc8 19. Rah1 Nf6 20. R5h4 c5 21. cxd5 Nxd5 22. Bb5+ Ke7 23. Bc4 Nc3+ 24. Kf1 b5 25. Bd3 c4 26. bxc4 bxc4 27. Bg6 fxg6 28. Qxg6 Nd5 29. Ne5 c3 30. g3 c2 31. Kg2 Rhf8 32. Rxh6 gxh6 33. Rxh6 c1Q 34. Qxe6+ Kd8 35. Qxd5+ 1-0

[Event "Titled Tuesday intern op 05th Sep Early"]
[Site "Chess.com INT"]
[Date "2023.09.05"]
[Round "10"]
[White "Pershina, Elena"]
[Black "Dyulgerov, Volen"]
[Result "0-1"]
[WhiteElo "2114"]
[BlackElo "2200"]
[PlyCount "64"]
[EventDate "2023.09.05"]
[EventType "swiss (blitz)"]
[EventRounds "11"]
[EventCountry "USA"]
[SourceTitle "EXT 2024"]
[Source "ChessBase"]
[SourceDate "2023.10.10"]
[SourceVersion "1"]
[SourceVersionDate "2023.10.10"]
[SourceQuality "1"]

1. c4 b5 2. cxb5 a6 3. bxa6 Rxa6 4. e3 Rg6 5. d4 Bb7 6. f3 e5 7. Ne2 Bb4+ 8. Bd2 Bxf3 9. gxf3 Qh4+ 10. Ng3 Rxg3 11. hxg3 Bxd2+ 12. Nxd2 Qxh1 13. Qb3 Nc6 14. d5 Nd8 15. 0-0-0 Nf6 16. Qa3 Qh6 17. e4 Qg5 18. f4 exf4 19. gxf4 Qxf4 20. Bd3 Qd6 21. Qxd6 cxd6 22. a4 Nb7 23. b4 Kd8 24. a5 Ng4 25. a6 Nf2 26. a7 Kc7 27. Nc4 Nxd1 28. Kxd1 Ra8 29. b5 Na5 30. b6+ Kb7 31. Nxa5+ Kxb6 32. Nc4+ Kc5 0-1

[Event "Titled Tuesday intern op 05th Sep Early"]
[Site "Chess.com INT"]
[Date "2023.09.05"]
[Round "2"]
[White "Pershina, Elena"]
[Black "Reprintsev, Alexander"]
[Result "0-1"]
[WhiteElo "2114"]
[BlackElo "2227"]
[PlyCount "136"]
[EventDate "2023.09.05"]
[EventType "swiss (blitz)"]
[EventRounds "11"]
[EventCountry "USA"]
[SourceTitle "EXT 2024"]
[Source "ChessBase"]
[SourceDate "2023.10.10"]
[SourceVersion "1"]
[SourceVersionDate "2023.10.10"]
[SourceQuality "1"]

1. c4 e5 2. Nc3 Nf6 3. g3 d5 4. cxd5 Nxd5 5. Bg2 Nb6 6. e3 Nc6 7. Nge2 Be7 8. 0-0 0-0 9. f4 Bg4 10. h3 Bxe2 11. Qxe2 exf4 12. gxf4 Bf6 13. b3 Qd7 14. Bb2 Rad8 15. Rad1 Qd3 16. Qxd3 Rxd3 17. Be4 Rd6 18. d4 a6 19. Bf3 Re8 20. Ne4 Rde6 21. Nxf6+ Rxf6 22. d5 Rg6+ 23. Kf2 Nb4 24. a3 Nc2 25. Bc1 Rh6 26. Bg2 c6 27. dxc6 bxc6 28. Rd3 Nd5 29. e4 Nf6 30. Rc3 Nd4 31. e5 Nd5 32. Bxd5 cxd5 33. Rd1 Nb5 34. Rcd3 d4 35. a4 Nc3 36. Re1 Rd8 37. Bb2 Rc6 38. Bxc3 Rxc3 39. Rxc3 dxc3 40. Rc1 Rd2+ 41. Ke3 Rh2 42. Rxc3 Rxh3+ 43. Kd4 Rxc3 44. Kxc3 h5 45. Kd3 Kf8 46. b4 Ke7 47. Ke4 g6 48. f5 h4 49. b5 h3 50. Kf3 axb5 51. a5 b4 52. a6 h2 53. Kg2 h1Q+ 54. Kxh1 b3 55. a7 b2 56. a8Q b1Q+ 57. Kg2 Qxf5 58. Qa7+ Kf8 59. Qc5+ Kg7 60. Qd6 Qe4+ 61. Kg3 Qe3+ 62. Kg2 Qg5+ 63. Kf3 Qf5+ 64. Kg2 g5 65. Qd5 Kg6 66. Qd6+ Qe6 67. Qd4 Kf5 68. Kg3 Qxe5+ 0-1

[Event "Titled Tuesday intern op 05th Sep Early"]
[Site "Chess.com INT"]
[Date "2023.09.05"]
[Round "6"]
[White "Pershina, Elena"]
[Black "Schut, Han"]
[Result "1-0"]
[WhiteElo "2114"]
[BlackElo "2091"]
[PlyCount "79"]
[EventDate "2023.09.05"]
[EventType "swiss (blitz)"]
[EventRounds "11"]
[EventCountry "USA"]
[SourceTitle "EXT 2024"]
[Source "ChessBase"]
[SourceDate "2023.10.10"]
[SourceVersion "1"]
[SourceVersionDate "2023.10.10"]
[SourceQuality "1"]

1. c4 Nf6 2. g3 g6 3. Bg2 d5 4. cxd5 Nxd5 5. d4 Bg7 6. Nc3 Nb6 7. Nf3 Nc6 8. e3 0-0 9. 0-0 Re8 10. Re1 e5 11. d5 Ne7 12. e4 c6 13. d6 Nf5 14. exf5 gxf5 15. Bg5 f6 16. Be3 Be6 17. b3 Nd5 18. Nxd5 cxd5 19. Bc5 Bf8 20. Nxe5 fxe5 21. Rxe5 Bxd6 22. Rxe6 Rxe6 23. Bxd5 Bxc5 24. Bxe6+ Kh8 25. Bxf5 Qf6 26. g4 Rd8 27. Qe1 Bb4 28. Qf1 Rd2 29. Rd1 Rxa2 30. Qc4 Qb2 31. Rd8+ Kg7 32. Qg8+ Kh6 33. g5+ Kh5 34. Qxh7+ Kxg5 35. Qg6+ Kf4 36. Qg4+ Ke5 37. Qe4+ Kf6 38. Qe6+ Kg5 39. Rg8+ Kf4 40. Qe4# 1-0

[Event "Titled Tuesday intern op 22nd Aug Early"]
[Site "Chess.com INT"]
[Date "2023.08.22"]
[Round "3"]
[White "Pershina, Elena"]
[Black "Colas, Joshua"]
[Result "1-0"]
[WhiteElo "2114"]
[BlackElo "2232"]
[PlyCount "137"]
[EventDate "2023.08.22"]
[EventType "swiss (blitz)"]
[EventRounds "11"]
[EventCountry "USA"]
[SourceTitle "EXT 2024"]
[Source "ChessBase"]
[SourceDate "2023.10.10"]
[SourceVersion "1"]
[SourceVersionDate "2023.10.10"]
[SourceQuality "1"]

1. c4 e5 2. Nc3 Nc6 3. g3 g6 4. Bg2 Bg7 5. e4 d6 6. Nge2 f5 7. d3 Nf6 8. Rb1 0-0 9. 0-0 Be6 10. Nd5 Qd7 11. b4 f4 12. gxf4 Nh5 13. b5 Nd4 14. Nxd4 exd4 15. f5 Bxd5 16. cxd5 Be5 17. f4 Bg7 18. fxg6 hxg6 19. Bd2 Rf7 20. f5 Raf8 21. Qg4 Rf6 22. Bh3 Qf7 23. Bg5 gxf5 24. Rxf5 Rxf5 25. Qxf5 Qxf5 26. Bxf5 Be5 27. Rc1 Nf4 28. Bxf4 Bxf4 29. Rxc7 b6 30. Rxa7 Be5 31. Rb7 Ra8 32. Be6+ Kh8 33. Rxb6 Rxa2 34. Ra6 Rxh2 35. b6 Rb2 36. Bc8 Kg7 37. b7 Kf6 38. Ra8 Rb1+ 39. Kg2 Rb2+ 40. Kf3 Rb3 41. b8Q Rxd3+ 42. Ke2 Re3+ 43. Kd2 Bf4 44. Kc2 Rc3+ 45. Kb2 Bc1+ 46. Ka2 d3 47. Qxd6+ Kg5 48. Qe5+ Kh4 49. Qxc3 d2 50. Qc2 Kg3 51. e5 Kf2 52. e6 Ke1 53. e7 d1Q 54. Qxd1+ Kxd1 55. e8Q Bd2 56. d6 Kc2 57. d7 Bc3 58. d8Q Bd4 59. Qc7+ Kd3 60. Qg6+ Kd2 61. Qcd6 Kc3 62. Qxd4+ Kxd4 63. Qg4+ Kc3 64. Ra3+ Kd2 65. Qg2+ Kd1 66. Rd3+ Kc1 67. Rc3+ Kd1 68. Bg4+ Ke1 69. Qe2# 1-0

[Event "Titled Tuesday intern op 22nd Aug Early"]
[Site "Chess.com INT"]
[Date "2023.08.22"]
[Round "11"]
[White "Pershina, Elena"]
[Black "Osinovsky, Stepan"]
[Result "0-1"]
[WhiteElo "2114"]
[BlackElo "2241"]
[PlyCount "70"]
[EventDate "2023.08.22"]
[EventType "swiss (blitz)"]
[EventRounds "11"]
[EventCountry "USA"]
[SourceTitle "EXT 2024"]
[Source "ChessBase"]
[SourceDate "2023.10.10"]
[SourceVersion "1"]
[SourceVersionDate "2023.10.10"]
[SourceQuality "1"]

1. c4 Nf6 2. g3 g6 3. Bg2 Bg7 4. Nc3 0-0 5. d4 d6 6. h3 e5 7. dxe5 dxe5 8. Bg5 Qe8 9. Nf3 h6 10. Be3 c6 11. Qd2 Kh7 12. 0-0 Qe7 13. Rfd1 Re8 14. Rac1 Nbd7 15. Kh2 Nc5 16. b4 Nce4 17. Nxe4 Nxe4 18. Qb2 f5 19. Ne1 Nf6 20. Bc5 Qf7 21. Qb3 g5 22. b5 e4 23. bxc6 bxc6 24. f3 f4 25. fxe4 Nxe4 26. g4 Nxc5 27. Qc2+ Kh8 28. Bxc6 Bb7 29. Bxe8 Rxe8 30. Nf3 Qe7 31. Rd2 Qe3 32. Rcd1 Qf2+ 33. Kh1 Ne4 34. Rg1 Ng3+ 35. Rxg3 fxg3 0-1

[Event "Speed Chess Q1 Sw"]
[Site "Chess.com INT"]
[Date "2023.08.21"]
[Round "13"]
[White "Kumaran, Bajali"]
[Black "Pershina, Elena"]
[Result "1-0"]
[WhiteElo "2298"]
[BlackElo "2114"]
[PlyCount "37"]
[EventDate "2023.08.21"]
[EventType "k.o. (blitz)"]
[EventRounds "14"]
[EventCountry "USA"]
[SourceTitle "CBM 215 Extra"]
[Source "ChessBase"]
[SourceDate "2023.09.30"]
[SourceVersion "1"]
[SourceVersionDate "2023.09.30"]
[SourceQuality "1"]

1. Nf3 d5 2. d4 Nf6 3. c4 c6 4. cxd5 cxd5 5. Nc3 Nc6 6. Bf4 a6 7. e3 Bf5 8. Bd3 Bxd3 9. Qxd3 e6 10. 0-0 Bd6 11. Bg5 h6 12. Bh4 0-0 13. Rac1 Rc8 14. Na4 g5 15. Bg3 Ne4 16. Bxd6 Qxd6 17. Nb6 Rc7 18. Qc2 Re7 19. Qa4 1-0

[Event "Speed Chess Q1 Sw"]
[Site "Chess.com INT"]
[Date "2023.08.21"]
[Round "9"]
[White "Pershina, Elena"]
[Black "De Winter, Arthur"]
[Result "0-1"]
[WhiteElo "2114"]
[BlackElo "2360"]
[PlyCount "84"]
[EventDate "2023.08.21"]
[EventType "k.o. (blitz)"]
[EventRounds "14"]
[EventCountry "USA"]
[SourceTitle "CBM 215 Extra"]
[Source "ChessBase"]
[SourceDate "2023.09.30"]
[SourceVersion "1"]
[SourceVersionDate "2023.09.30"]
[SourceQuality "1"]

1. c4 g6 2. g3 Bg7 3. Bg2 Nf6 4. Nc3 0-0 5. d4 d6 6. h3 Nc6 7. Nf3 e5 8. Be3 Nd7 9. dxe5 Ndxe5 10. Nxe5 Nxe5 11. c5 Nc4 12. Bd4 Nxb2 13. Qd2 Nc4 14. Qd3 Nb2 15. Qd2 dxc5 16. Bxc5 Qxd2+ 17. Kxd2 Rd8+ 18. Kc2 Bxc3 19. Kxc3 Na4+ 20. Kb4 Nxc5 21. Kxc5 b6+ 22. Kb4 c5+ 23. Kc3 Rb8 24. a4 Be6 25. Rhd1 Kf8 26. g4 Ke7 27. Bc6 a6 28. Rxd8 Kxd8 29. Rb1 Kc7 30. Be4 b5 31. axb5 axb5 32. f3 b4+ 33. Kb2 c4 34. h4 c3+ 35. Kc2 Kd6 36. h5 Kc5 37. hxg6 hxg6 38. Ra1 Kd4 39. Rd1+ Ke3 40. Bd3 Rc8 41. Ra1 b3+ 42. Kb1 Kd2 0-1

[Event "Speed Chess Q1 Sw"]
[Site "Chess.com INT"]
[Date "2023.08.21"]
[Round "8"]
[White "Yuan, Qingyu"]
[Black "Pershina, Elena"]
[Result "1-0"]
[WhiteElo "2380"]
[BlackElo "2114"]
[PlyCount "67"]
[EventDate "2023.08.21"]
[EventType "k.o. (blitz)"]
[EventRounds "14"]
[EventCountry "USA"]
[SourceTitle "CBM 215 Extra"]
[Source "ChessBase"]
[SourceDate "2023.09.30"]
[SourceVersion "1"]
[SourceVersionDate "2023.09.30"]
[SourceQuality "1"]

1. e4 c5 2. Nf3 Nc6 3. Bb5 g6 4. 0-0 Bg7 5. Re1 e5 6. Bxc6 dxc6 7. d3 Qc7 8. a3 Bg4 9. b4 cxb4 10. axb4 Ne7 11. Nbd2 0-0 12. h3 Bxf3 13. Nxf3 Rfd8 14. Be3 a5 15. bxa5 Rxa5 16. Rxa5 Qxa5 17. Qb1 b5 18. Bc5 Nc8 19. Qb2 Nb6 20. Bxb6 Qxb6 21. Ra1 Qc5 22. Qb3 Bf8 23. Ra6 Rd7 24. Ra8 Kg7 25. Re8 Re7 26. Rc8 Ra7 27. Qb2 Bd6 28. Re8 Re7 29. Rxe7 Bxe7 30. Qxe5+ f6 31. Qe6 Qb4 32. Qxc6 Bc5 33. d4 Bxd4 34. Qd7+ 1-0

[Event "Titled Tuesday intern op 15th Aug Early"]
[Site "Chess.com INT"]
[Date "2023.08.15"]
[Round "7"]
[White "Pershina, Elena"]
[Black "Bach, Ngoc Thuy Duong"]
[Result "0-1"]
[WhiteElo "2114"]
[BlackElo "2228"]
[PlyCount "86"]
[EventDate "2023.08.15"]
[EventType "swiss (blitz)"]
[EventRounds "11"]
[EventCountry "USA"]
[SourceTitle "EXT 2024"]
[Source "ChessBase"]
[SourceDate "2023.10.10"]
[SourceVersion "1"]
[SourceVersionDate "2023.10.10"]
[SourceQuality "1"]

1. c4 e5 2. Nc3 Nf6 3. g3 d5 4. cxd5 Nxd5 5. Bg2 Nb6 6. Nf3 Nc6 7. 0-0 Be7 8. d3 0-0 9. a3 Be6 10. b4 a6 11. Bb2 f6 12. Rc1 Qd7 13. Ne4 Rad8 14. Nc5 Bxc5 15. Rxc5 Bh3 16. Qb3+ Kh8 17. Rfc1 Bxg2 18. Kxg2 Qe7 19. Nh4 Rd7 20. Nf5 Qd8 21. a4 g6 22. Ne3 Nd4 23. Bxd4 exd4 24. Nc4 Nd5 25. Nd2 Re8 26. Ne4 f5 27. Ng5 c6 28. h4 Rxe2 29. Rxd5 cxd5 30. Rc5 Qf6 31. Rxd5 Rxd5 32. Qxd5 Qc6 33. Qxc6 bxc6 34. Nf3 Rb2 35. Nxd4 Rxb4 36. Nxc6 Rxa4 37. d4 Rc4 38. d5 Kg7 39. Kf3 Rc5 40. Nb8 a5 41. d6 Rd5 42. d7 a4 43. Ke3 a3 0-1

[Event "Titled Tuesday intern op 15th Aug Early"]
[Site "Chess.com INT"]
[Date "2023.08.15"]
[Round "5"]
[White "Pershina, Elena"]
[Black "Kraiouchkine, Nikita"]
[Result "0-1"]
[WhiteElo "2114"]
[BlackElo "2218"]
[PlyCount "126"]
[EventDate "2023.08.15"]
[EventType "swiss (blitz)"]
[EventRounds "11"]
[EventCountry "USA"]
[SourceTitle "EXT 2024"]
[Source "ChessBase"]
[SourceDate "2023.10.10"]
[SourceVersion "1"]
[SourceVersionDate "2023.10.10"]
[SourceQuality "1"]

1. c4 c6 2. g3 d5 3. Bg2 Nf6 4. Nf3 Bg4 5. b3 Nbd7 6. Bb2 Bxf3 7. Bxf3 e5 8. cxd5 cxd5 9. d4 e4 10. Bg2 Bd6 11. 0-0 0-0 12. f3 Qe7 13. Nc3 a6 14. fxe4 dxe4 15. e3 b5 16. Rc1 Rac8 17. Kh1 Rfe8 18. Bh3 Rc7 19. Ne2 Nb6 20. Rxc7 Qxc7 21. Nf4 Nbd5 22. Nxd5 Nxd5 23. Bc1 g6 24. Qg4 f5 25. Qg5 Be7 26. Qh6 Qc2 27. Bxf5 gxf5 28. Qe6+ Kg7 29. Qxd5 Qe2 30. Rxf5 Qd1+ 31. Kg2 Qc2+ 32. Kh3 Bf6 33. Qd6 Rf8 34. Qd7+ Rf7 35. Qe8 Qxc1 36. Qxe4 Qc8 37. Qg4+ Kf8 38. e4 Qd7 39. e5 Bg7 40. Rxf7+ Qxf7 41. Qc8+ Ke7 42. Qc7+ Ke8 43. Qc6+ Qd7+ 44. Qxd7+ Kxd7 45. Kg4 Ke6 46. Kf3 Kd5 47. Ke3 Bf8 48. Kd3 Ba3 49. g4 Bb2 50. h4 Bxd4 51. e6 Bf6 52. g5 Be7 53. Ke3 Ke5 54. Kf3 Kxe6 55. Ke4 Bd6 56. a4 Be7 57. axb5 axb5 58. Kd4 Kf5 59. Kd5 Kg4 60. Ke6 Bd8 61. Kf7 Kxh4 62. Kg7 Kxg5 63. Kxh7 Kf6 0-1

[Event "Titled Tuesday intern op 15th Aug Early"]
[Site "Chess.com INT"]
[Date "2023.08.15"]
[Round "10"]
[White "Pershina, Elena"]
[Black "Santos Flores, Alberto Javier"]
[Result "0-1"]
[WhiteElo "2114"]
[BlackElo "2200"]
[PlyCount "84"]
[EventDate "2023.08.15"]
[EventType "swiss (blitz)"]
[EventRounds "11"]
[EventCountry "USA"]
[SourceTitle "EXT 2024"]
[Source "ChessBase"]
[SourceDate "2023.10.10"]
[SourceVersion "1"]
[SourceVersionDate "2023.10.10"]
[SourceQuality "1"]

1. c4 c6 2. g3 d5 3. Bg2 Nf6 4. Nf3 Bg4 5. cxd5 cxd5 6. d4 Nc6 7. 0-0 e6 8. Nc3 Be7 9. b3 0-0 10. Bb2 h6 11. Rc1 Rc8 12. Ne5 Nxe5 13. dxe5 Nd7 14. Nb5 Rxc1 15. Qxc1 Bxe2 16. Nd6 Bxf1 17. Bxf1 Nxe5 18. Nxb7 Qb6 19. Bxe5 Qxb7 20. Qf4 f6 21. Bb2 e5 22. Qg4 Bc5 23. Qe6+ Qf7 24. Qc6 Bb6 25. h4 e4 26. Bh3 Re8 27. h5 Kh8 28. Bf5 Qxh5 29. Bxf6 gxf6 30. Qxf6+ Kg8 31. Bg6 Qd1+ 32. Kh2 Rf8 33. Qe6+ Kg7 34. Qe7+ Kxg6 35. Qxf8 Qh5+ 36. Kg1 Qf5 37. Qg8+ Kf6 38. Qf8+ Ke5 39. Qe7+ Kd4 40. Qb4+ Kd3 41. Qb5+ Kd2 42. Qb4+ Kd1 0-1

[Event "Titled Tuesday intern op 15th Aug Early"]
[Site "Chess.com INT"]
[Date "2023.08.15"]
[Round "9"]
[White "Tikhonov, Viacheslav"]
[Black "Pershina, Elena"]
[Result "1-0"]
[WhiteElo "2201"]
[BlackElo "2114"]
[PlyCount "85"]
[EventDate "2023.08.15"]
[EventType "swiss (blitz)"]
[EventRounds "11"]
[EventCountry "USA"]
[SourceTitle "EXT 2024"]
[Source "ChessBase"]
[SourceDate "2023.10.10"]
[SourceVersion "1"]
[SourceVersionDate "2023.10.10"]
[SourceQuality "1"]

1. d4 d5 2. c4 c6 3. Nf3 Nf6 4. e3 Bf5 5. Qb3 Qc7 6. Bd3 Bxd3 7. Qxd3 dxc4 8. Qxc4 e6 9. 0-0 Bd6 10. b3 0-0 11. Bb2 Nbd7 12. Nbd2 Nb6 13. Qe2 Rfe8 14. e4 Be7 15. Rfe1 Rad8 16. Rac1 Qf4 17. Qe3 Qxe3 18. Rxe3 Nfd7 19. Rec3 Bb4 20. R3c2 Bxd2 21. Rxd2 f6 22. a4 a5 23. Bc3 Ra8 24. g4 Kf7 25. Rd3 Red8 26. Bd2 e5 27. Be3 Ke6 28. Rcd1 Ke7 29. dxe5 fxe5 30. Nxe5 Nxe5 31. Rxd8 Rxd8 32. Rxd8 Kxd8 33. Bxb6+ Kd7 34. Bxa5 Nxg4 35. Bc3 g6 36. Bg7 Ke6 37. Kg2 h5 38. h3 Ne5 39. Bxe5 Kxe5 40. Kf3 g5 41. Ke3 c5 42. a5 Ke6 43. f4 1-0

[Event "Titled Tuesday intern op 08th Aug Early"]
[Site "Chess.com INT"]
[Date "2023.08.08"]
[Round "4"]
[White "Pershina, Elena"]
[Black "Kohler, Aran"]
[Result "1-0"]
[WhiteElo "2114"]
[BlackElo "2011"]
[PlyCount "57"]
[EventDate "2023.08.08"]
[EventType "swiss (blitz)"]
[EventRounds "11"]
[EventCountry "USA"]
[SourceTitle "EXT 2024"]
[Source "ChessBase"]
[SourceDate "2023.10.10"]
[SourceVersion "1"]
[SourceVersionDate "2023.10.10"]
[SourceQuality "1"]

1. c4 e5 2. Nc3 Nf6 3. g3 d5 4. cxd5 Nxd5 5. Bg2 Nb6 6. e3 Nc6 7. Nge2 Be7 8. 0-0 0-0 9. f4 exf4 10. Nxf4 Bf5 11. d4 Nb4 12. e4 Bd7 13. a3 Na6 14. Qh5 g6 15. Qe2 c5 16. d5 c4 17. e5 Bc5+ 18. Be3 Qc8 19. Ne4 Bxe3+ 20. Qxe3 Bf5 21. Nf6+ Kh8 22. Ne2 Qc5 23. Nd4 Bd3 24. Rf4 g5 25. Rg4 h6 26. Be4 Be2 27. Rh4 Kg7 28. Qxg5+ hxg5 29. Rh7# 1-0